LEADER 01815oam 2200469M 450 001 9910716127803321 005 20200213070933.4 035 $a(CKB)5470000002518839 035 $a(OCoLC)1065614987 035 $a(OCoLC)995470000002518839 035 $a(EXLCZ)995470000002518839 100 $a20071213d1926 ua 0 101 0 $aeng 135 $aurcn||||||||| 181 $ctxt$2rdacontent 182 $cc$2rdamedia 183 $acr$2rdacarrier 200 10$aDepartment of State, Justice, Commerce, and Labor appropriation bill, 1927. March 11 (calendar day, March 13), 1926. -- Ordered to be printed 210 1$a[Washington, D.C.] :$c[U.S. Government Printing Office],$d1926. 215 $a1 online resource (3 pages) 225 1 $aSenate report / 69th Congress, 1st session. Senate ;$vno. 372 225 1 $a[United States congressional serial set ] ;$v[serial no. 8524] 300 $aBatch processed record: Metadata reviewed, not verified. Some fields updated by batch processes. 300 $aFDLP item number not assigned. 517 $aDepartment of State, Justice, Commerce, and Labor appropriation bill, 1927. March 11 606 $aBudget 606 $aLegislative amendments 607 $aUnited States$xAppropriations and expenditures 608 $aLegislative materials.$2lcgft 615 0$aBudget. 615 0$aLegislative amendments. 701 $aJones$b Wesley Livsey$f1863-1932$pRepublican (WA)$01389549 801 0$bWYU 801 1$bWYU 801 2$bOCLCO 801 2$bOCLCQ 801 2$bOCLCO 801 2$bOCLCQ 906 $aBOOK 912 $a9910716127803321 996 $aDepartment of State, Justice, Commerce, and Labor appropriation bill, 1927. March 11 (calendar day, March 13), 1926. -- Ordered to be printed$93441264 997 $aUNINA LEADER 01059nam 2200253la 450 001 9910481338103321 005 20221102155355.0 035 $a(UK-CbPIL)2090342814 035 $a(CKB)5500000000084964 035 $a(EXLCZ)995500000000084964 100 $a20221102d1619 uy | 101 0 $alat 135 $aurcn||||a|bb| 200 10$aIo. Antonii Magini ... Tabulae nouae iuxta Tychonis rationes elaboratae quibus directionum conficiendar breuior ac facilior quam unquam antehac a nemine ars traditur. . 210 $aBologna $c[s.n.]$d1619 215 $aOnline resource ([8], 84, 675 [i.e. 677], [3] p., 4º) 300 $aReproduction of original in Biblioteca Nazionale Centrale di Firenze. 700 $aMagini$b Giovanni Antonio$f1555-1617.$055127 801 0$bUk-CbPIL 801 1$bUk-CbPIL 906 $aBOOK 912 $a9910481338103321 996 $aIo. Antonii Magini ... Tabulae nouae iuxta Tychonis rationes elaboratae quibus directionum conficiendar breuior ac facilior quam unquam antehac a nemine ars traditur.$92122998 997 $aUNINA